00705 a2200169 4500003000400000005001700004008004100021020001800062040000900080082002400089245013400113260004500247300001400292942005400306952015800360999001700518OSt20250702152929.0250702b |||||||| |||| 00| 0 eng d a9789391382629 coclc a305.56880954bMUN/D aDevelopment of Scheduled Castes and Scheduled Tribes: bIssues, Problems and Prospects /cEditor-in-chief Prof. M Muninarayanappa aNew Delhi:bSwastik Publications,c2025. a541 pages 2ddccBKh305.56880954iMUN/Dk305.56880954mMUN/D 00102ddc40708SOCIAL SCIENCEaMESbMEScSOCIAL SCIENCEd2025-07-02l0o305.56880954 MUN/Dp46050r2025-07-02 15:29:13v2495.00w2025-07-02yBKzGL41R3 c44588d44588